000 00850cam a2200277 4500
001 M94407
008 090401t1998 xxu||||| |||| 00| 0 eng d
035 _a(Sirsi) u89022
041 _aeng
050 _a336.39
110 _aUnited Kingdom
_bHM Treasury
245 _aHow to appoint and manage advisers.
260 _aLondon
_bTreasury
_c1998
300 _a33p. ; 30cm.
350 _a0
490 _aPFI Technical Note
_v3
520 _aReplaces the PFI Panel publication 5 Steps to the Appointment of Advisers to PFI Projects. Available on the Internet at http://www.hm-treasury.gov.uk
650 _aAPPOINTMENT
650 _aPFI ADVISERS
650 _aPFI
650 _aPRIVATE FINANCE INITIATIVE
690 _aPROPERTY-PROPERTY FINANCE AND INVESTMENT
710 _aTreasury Taskforce
_93565
942 _n0
948 _c15/10/1998
999 _c97412
_d97412